Catholic University of Zimbabwe Library
Online Public Access Catalogue
(OPAC)

A tragedy of lives : (Record no. 5444)

MARC details
000 -LEADER
fixed length control field 00965cam a2200289 a 4500
001 - CONTROL NUMBER
control field 0000005662
005 - DATE AND TIME OF LATEST TRANSACTION
control field 20170406120907.0
008 - FIXED-LENGTH DATA ELEMENTS--GENERAL INFORMATION
fixed length control field 040902s2003 rh 000 0deng
010 ## - LIBRARY OF CONGRESS CONTROL NUMBER
LC control number 2004410665
020 ## - INTERNATIONAL STANDARD BOOK NUMBER
International Standard Book Number 1779220170
035 ## - SYSTEM CONTROL NUMBER
System control number (DLC) 2004410665
040 ## - CATALOGING SOURCE
Original cataloging agency DLC
Transcribing agency DLC
Modifying agency DLC
042 ## - AUTHENTICATION CODE
Authentication code ode=LC overseas data entry
043 ## - GEOGRAPHIC AREA CODE
Geographic area code f-rh---
050 00 - LIBRARY OF CONGRESS CALL NUMBER
Classification number HV9851
Item number .T73 2003
245 02 - TITLE STATEMENT
Title A tragedy of lives :
Remainder of title women in prison in Zimbabwe /
Statement of responsibility, etc. edited by Chiedza Musengezi and Irene Staunton.
260 ## - PUBLICATION, DISTRIBUTION, ETC.
Place of publication, distribution, etc. Avondale, Harare :
Name of publisher, distributor, etc. Weaver Press,
Date of publication, distribution, etc. 2003.
300 ## - PHYSICAL DESCRIPTION
Extent xviii, 320 p. ;
Dimensions 21 cm.
500 ## - GENERAL NOTE
General note "Zimbabwe Women Writers.".
650 #0 - SUBJECT ADDED ENTRY--TOPICAL TERM
Topical term or geographic name entry element Women prisoners
Geographic subdivision Zimbabwe
Form subdivision Interviews.
700 1# - ADDED ENTRY--PERSONAL NAME
Personal name Musengezi, Chiedza.
700 1# - ADDED ENTRY--PERSONAL NAME
Personal name Staunton, Irene.
710 2# - ADDED ENTRY--CORPORATE NAME
Corporate name or jurisdiction name as entry element Zimbabwe Women Writers.
710 2# - ADDED ENTRY--CORPORATE NAME
Corporate name or jurisdiction name as entry element Weaver Press.
852 1# - LOCATION
-- p17.00usd
856 41 - ELECTRONIC LOCATION AND ACCESS
Materials specified Table of contents
Uniform Resource Identifier <a href="http://www.loc.gov/catdir/toc/fy052/2004410665.html">http://www.loc.gov/catdir/toc/fy052/2004410665.html</a>
908 ## - PUT COMMAND PARAMETER (RLIN)
Put command parameter 150115
Holdings
Withdrawn status Lost status Source of classification or shelving scheme Damaged status Not for loan Home library Current library Shelving location Date acquired Source of acquisition Cost, normal purchase price Inventory number Total Checkouts Full call number Barcode Date last seen Copy number Cost, replacement price Price effective from Koha item type
          CUZ Harare Campus CUZ Harare Campus Open Shelf 06.04.2017 Purchase 17.00 CU12907   HV 9851. T73 BK0006757 22.05.2025 1 17.00 06.04.2017 OS Book
          CUZ Harare Campus CUZ Harare Campus Open Shelf 04.10.2018 Purchase 17.00 CU13713   HV 9851. T73 BK008250 22.05.2025 2 17.00 04.10.2018 OS Book
          CUZ Harare Campus CUZ Harare Campus Open Shelf 04.10.2018 Purchase 17.00 CU13712   HV 9851. T73 BK008247 22.05.2025 3 17.00 04.10.2018 OS Book
          CUZ Harare Campus CUZ Harare Campus Open Shelf 04.10.2018 Purchase 17.00 CU14228   HV 9851 TRA BK008999 22.05.2025 4 17.00 04.10.2018 OS Book
          CUZ Harare Campus CUZ Harare Campus Open Shelf 04.10.2018 Purchase 17.00 CU14229   HV 9851 TRA BK009020 22.05.2025 5 17.00 04.10.2018 OS Book
          CUZ Harare Campus CUZ Harare Campus Open Shelf 04.10.2018 Purchase 17.00 CU14227   HV 9851 TRA BK009017 22.05.2025 6 17.00 04.10.2018 OS Book
          CUZ Harare Campus CUZ Harare Campus Open Shelf 04.10.2018 Purchase 17.00 CU14231   HV 9851 TRA BK009014 22.05.2025 6 17.00 04.10.2018 OS Book
          CUZ Harare Campus CUZ Harare Campus Open Shelf 04.10.2018 Purchase 17.00 CU14230   HV 9851 TRA BK009023 22.05.2025 8 17.00 04.10.2018 OS Book

OPENING HOURS

Weekdays: 0815hrs - 1800hrs
Weekends:0900hrs - 1200hrs

Closed for Mass:

Mon, Thur: 1200hrs - 1300hrs
Sunday & Public Holiday’s

CALL SUPPORT

0242-570570, 0242-570169
09200664, +263 8644140602

LOCATION

18443, Cranborne Avenue, Hatfield, Harare

Other Links


©2021 | CUZ Library